Formule 1 - Une lettre, un pilote - Statistiques

Statistiques générales
  • Ce quiz a été pris 686 fois
    660 depuis la dernière actualisation
  • Le résultat moyen est 14 sur 21
Statistiques - réponses
Hint Réponse % Correct
A Jack Aitken / Alexander Albon /Jaime Alguersuari / Fernando Alonso / Jérôme d'Ambrosio / Andrea Kimi Antonelli
94%
B Rubens Barrichello / Ollie Bearman / Jules Bianchi / Gabriel Bortoleto / Valterri Bottas / Sébastien Buemi / Jenson Button
94%
S Carlos Sainz Jr. / Logan Sargeant / Michael Schumacher / Mick Schumacher / Bruno Senna / Sergey Sirotkin / Lance Stroll / Will Stevens / Adrian Sutil
93%
H Isack Hadjar / Lewis Hamilton / Brendon Hartley / Rio Haryanto / Nick Heidfeld / Nico Hülkenberg
93%
R Kimi Räikkönen / Paul di Resta / Daniel Ricciardo / Pedro de la Rosa / Nico Rosberg / Alexander Rossi / George Russell
88%
V Stoffel Vandoorne / Jean-Éric Vergne / Max Verstappen / Sebastian Vettel / Nyck de Vries
88%
P Jolyon Palmer / Sergio Pérez / Vitaly Petrov / Oscar Piastri / Charles Pic
87%
L Nicholas Latifi / Liam Lawson / Charles Leclerc / Vitantonio Liuzzi
86%
G Giedo van der Garde / Pierre Gasly / Antonio Giovinazzi / Timo Glock / Lucas di Grassi / Romain Grosjean / Esteban Gutiérrez
83%
N Felipe Nasr / Lando Norris
79%
O Esteban Ocon
75%
M Kevin Magnussen / Pastor Maldonado / Felipe Massa / Nikita Mazepin / Roberto Merhi
69%
T Jarno Trulli / Yuki Tsunoda
68%
C Karun Chandhok / Max Chilton / Franco Colapinto
50%
K Narain Karthikeyan / Christian Klien / Kamui Kobayashi / Heikki Kovalainen / Robert Kubica / Daniil Kvyat
47%
Z Guanyu Zhou
46%
D Jack Doohan
42%
W Mark Webber / Pascal Wehrlein
38%
F Pietro Fittipaldi
30%
E Marcus Ericsson
21%
Y Sakon Yamamoto
9%
Aucun quiz correspondant
Distribution des résultats
% des personnes avec chaque résultat
Percentile par nombre de réponses
Votre historique - résultats
Vous n’avez pas pris ce quiz depuis la dernière actualisation